| 000 | 00713cam a2200229 a 4500 | ||
|---|---|---|---|
| 008 | |||
| 020 | _a9781420076882 (hbk.) | ||
| 049 | _aMAIN | ||
| 090 |
_aTJ163.2 _bPER |
||
| 100 | 1 | _aPerez-Blanco, H. | |
| 245 | 1 | 4 |
_aThe dynamics of energy : _bsupply, conversion, and utilization / _cHoracio Perez-Blanco. |
| 260 |
_aBoca Raton : _bCRC Press, _c2009. |
||
| 300 |
_a316 p. : _bill. ; _c25 cm. + _e1 CD-ROM (4 3/4 in.) |
||
| 500 | _aIncludes index. | ||
| 504 | _aIncludes bibliographical references. | ||
| 650 | 0 | _aPower resources. | |
| 907 |
_a.b10328105 _b23-01-18 _c04-03-13 |
||
| 003 | |||
| 005 | 20230123122001.0 | ||
| 040 | _cNUST | ||
| 942 |
_cBOOKS _kTJ163.2 _mPER |
||
| 999 |
_c125803 _d125803 |
||